01151na a2200325 450000100060000000300080000600500170001400800410003102000180007203500100009004000250010008200190012509000180014410000190016224501130018124600490029426000660034330000250040949000230043449000530045750400290051060000470053965000400058665000250062665000240065170000220067594200130069795201000071099900150081012626MIRAKIL20181213155251.0160824b tu 000 0  a9786053991984 a12626 aMilasbturcTR-AnCHP a193bE63k 2011 a193 E63k 2011 aErgün, Reyda aKimlik bedenin hapishanesidirbSpinoza üzerine yazılar ve söyleşilercReyda Ergün, Cemal Bali Akal. aSpinoza üzerine yazılar ve söyleşiler aİstanbulbİstanbul Bilgi Üniversitesi Yayınlarıc2011 aviii, 175 s.c23 sm. aFelsefe dizisiv12 aİstanbul Bilgi Üniversitesi yayınlarıv340 aKaynakça ve dizin var. aSpinoza, Benedictus ded1632-1677xFelsefe aSiyaset (Felsefe)xAlman filozoflar aÇağdaş felsefe aFilozoflarzAlmanya aAkal, Cemal Bali  2ddccBKS a0001b0001d2016-07-29e2l0o193 E63k 2011p000155r2016-07-29 00:00:00v0.00w2016-07-29yBKS c9589d9589